Organ Systems by Organs - Statistics

General Stats
  • This quiz has been taken 60 times
  • The average score is 8 of 11
Answer Stats
Organs Involved Organ System % Correct
Brain, Spinal Cord, Nerves Nervous
88%
Ovaries, Uterus, Testes, Fallopian Tube Reproductive
88%
Heart, Arteries, Veins, Capillaries Circulatory
86%
Esophagus, Stomach, Intestines, Mouth, Gallbladder, Pancreas Digestive
84%
Bones, Joints Skeletal
79%
Lungs, Trachea, Bronchi, Larynx, Pharynx Respiratory
74%
Heart, Muscles (Smooth & Skeletal) Muscular
70%
Glands, Pancreas, Ovaries, Testes Endocrine
58%
Kidneys, Liver, Urethra, Bladder, Large Intestine Excretory
56%
Tonsils, Spleen, Lymph Nodes, Bone Marrow Lymphatic/Immune
51%
Skin, Glands, Nerves Integumentary
33%
No matching quizzes found
Score Distribution
Percent of People with Each Score
Percentile by Number Answered
Your Score History
You have not taken this quiz